Grades de l'armée belge (Composante médicale) - Statistiques

Statistiques générales
  • Ce quiz a été pris 355 fois
  • Le résultat moyen est 17 sur 22
Statistiques - réponses
Par images Réponse % Correct
1er Sergent
85%
1er Soldat
85%
Caporal
85%
Sergent
85%
Caporal-chef
84%
1er Caporal-chef
83%
Lieutenant
81%
Adjudant
80%
Adjudant-major
80%
1er Sergent-chef
79%
1er Sergent-major
79%
Adjudant-chef
77%
Sous-lieutenant
77%
Capitaine
76%
Major
74%
Général
73%
Colonel
72%
Général de brigade
72%
Lieutenant-colonel
71%
Général-major
68%
Capitaine-commandant
67%
Lieutenant-général
66%
Aucun quiz correspondant
Distribution des résultats
% des personnes avec chaque résultat
Percentile par nombre de réponses
Votre historique - résultats
Vous n’avez pas pris ce quiz